| 000 | 01000aam a2200301 i 4500 | ||
|---|---|---|---|
| 001 | 5991 | ||
| 003 | CO-MdFUSB | ||
| 005 | 20230913101225.0 | ||
| 007 | ta | ||
| 008 | 230908t1909 us ||||| |||| 00| 0 eng d | ||
| 040 |
_bspa _aCO-MdFUSB _cCO-MdFUSB _dCO-MdFUSBC _erda |
||
| 041 | _aeng | ||
| 082 | 0 | 4 |
_223 _a249.71 _bR5141a |
| 100 | 1 |
_aRichards, William R. _eautor |
|
| 245 | 0 | 2 |
_aA study of the Lord's prayer _c/ William R. Richards |
| 264 | 4 |
_aPhiladelphia, USA : _bThe Westminster Press, _c©1909 |
|
| 300 |
_a148 páginas _c; 18 cm |
||
| 336 |
_atexto _btxt _2rdacontent |
||
| 337 |
_2rdamedia _asin mediación _bn |
||
| 338 |
_2rdacarrier _avolumen _bnc |
||
| 505 | _aEnséñanos a orar -- Padre nuestro -- Santificado sea tu nombre -- Venga tu reino -- Nuestro pan de cada día -- Perdónanos nuestras deudas -- Tentación -- En su nombre | ||
| 563 | _aTapa dura | ||
| 650 | 7 |
_aOración _986 |
|
| 653 | _aPadre nuestro | ||
| 942 | _cP | ||
| 945 | _aAF | ||
| 999 |
_c36335 _d36335 |
||